Természetjárók találkozója

Elmentve itt :
Bibliográfiai részletek
Dokumentumtípus: Cikk
Megjelent: 1964-05-31
Sorozat:Délmagyarország 54 No. 126
Kulcsszavak:Természetjáró mozgalom Szeged 1964, természetjárás
Online Access:http://dmarchiv.bibl.u-szeged.hu/70464
LEADER 00444nab a2200145 i 4500
001 delm70464
005 20180927153745.0
008 180927s1964 hu o 0|| hun d
040 |a SZTE Délmagyarország Archívum  |b hun 
041 |a hun 
245 0 0 |a Természetjárók találkozója  |h [elektronikus dokumentum] 
260 |c 1964-05-31 
300 |a 11 
490 0 |a Délmagyarország  |v 54 No. 126 
695 |a Természetjáró mozgalom Szeged 1964, természetjárás